Scienza e storia del diritto civile.

Đã lưu trong:
Chi tiết về thư mục
Tác giả chính: Marinelli, Fabrizio (autore)
Tác giả khác: Grossi, Paolo (prefazione)
Định dạng: Sách
Ngôn ngữ:Tiếng Anh
Được phát hành: Roma-Bari, Italia: GLF Editori Laterza, 2009.
Phiên bản:Prima edizione.
Loạt:Manuali Laterza, 284.
Những chủ đề:
Các nhãn: Thêm thẻ
Không có thẻ, Là người đầu tiên thẻ bản ghi này!

MARC

LEADER 00000nam a22000007a 4500
003 CL-VaPUC
005 20220822114446.0
008 220331b2009 ||||| |||| 00| 0 eng d
999 |c 435219  |d 435217 
040 |c Pontificia Universidad Católica de Valparaíso 
082 7 |a 346.45 MAR 2009  |2 22 
100 |a Marinelli, Fabrizio  |9 867844  |e autore  
245 |a Scienza e storia del diritto civile.  
250 |a Prima edizione. 
260 |a Roma-Bari, Italia:  |b GLF Editori Laterza,   |c 2009. 
300 |a X, 256 páginas.  
490 |a Manuali Laterza,   |v  284. 
500 |a c.1 Donación Familia Prof. Alejandro Guzmán Brito. 
505 |a Capítulos: - I. Il diritto privato romano come modello della razionalità giuridica. - II. L'ordine giuridico del medioevo. - III. Il diritto privato dei mercanti e dei banchieri. - IV. Dall'umanesimo giuridico al "code civil" : la nascita della modernità giuridica. - V. La metodologia francese : dall'esegesi al metodo scientifico-sociologico. - VI. Il metodo sistematico tedesco. - VII. Il diritto inglese. - VIII. La civilistica italiana tra Ottocento e Novecento. - IX. La misura della ricchezza : dalla proprietà all'impresa. - X. Il diritto civile e i valori costituzionali. - XI. Le nuove frontiere del diritto civile. - XII. Il diritto privato nella post-modernità. 
583 |c 20220331  |k Yessy Stephany Diaz Vidal 
650 |a Derecho civil   |z Europa   |x Historia   |9 870059 
700 |a Grossi, Paolo  |9 867845  |e prefazione 
942 |2 ddc  |c BK  |n 0 
952 |0 0  |1 0  |2 ddc  |4 0  |6 346_450000000000000_MAR_2009  |7 1  |8 C_AGB  |9 582319  |a BIBDER  |b BIBDER  |d 2022-03-31  |e Donación   |i 5650649  |o 346.45 MAR 2009  |p 5650649  |r 2023-01-25  |t 1  |w 2022-03-31  |y BK_US  |k AGB